Central Library OPAC University of Rajshahi

বাংলাদেশের রাজনীতিতে বাংলাদেশ আওয়ামী লীগ ও বাংলাদেশ জাতীয়তাবাদী দলের ভূমিকা (১৯৯০-২০০১) : (Record no. 77639)

MARC details
000 -LEADER
fixed length control field 02232nam a2200325 a 4500
001 - CONTROL NUMBER
control field 77639
003 - CONTROL NUMBER IDENTIFIER
rucl marc code BD-RjUL
005 - DATE AND TIME OF LATEST TRANSACTION
control field 20211209083015.0
008 - FIXED-LENGTH DATA ELEMENTS--GENERAL INFORMATION
fixed length control field 201215s2004 bg a|||| m||| 00| 0 ben d
035 ## - SYSTEM CONTROL NUMBER
System control number (BD-RjUL)77865
040 ## - CATALOGING SOURCE
Original cataloging agency BD-RjUL
Transcribing agency BD-RjUL
Modifying agency BD-RjUL
Language of cataloging ben/eng
041 ## - LANGUAGE CODE
Language code of text/sound track or separate title ben
082 ## - DEWEY DECIMAL CLASSIFICATION NUMBER
Classification number 324.25492
Author mark and year RAB 2004
Edition number 23
100 1# - MAIN ENTRY--PERSONAL NAME
Personal name রাজী, এস. এম.
9 (RLIN) 168653
245 10 - TITLE STATEMENT
Title বাংলাদেশের রাজনীতিতে বাংলাদেশ আওয়ামী লীগ ও বাংলাদেশ জাতীয়তাবাদী দলের ভূমিকা (১৯৯০-২০০১) :
Remainder of title একটি তুলনামূলক পর্যালোচনা /
Statement of responsibility, etc. এস. এম. রাজী ;
Linkage তত্বাবধায়ক : এম. শামসুর রহমান
260 ## - PUBLICATION, DISTRIBUTION, ETC. (IMPRINT)
Place of publication, distribution, etc. রাজশাহী :
Name of publisher, distributor, etc. রাষ্ট্রবিজ্ঞান বিভাগ, রাজশাহী বিশ্ববিদ্যালয়,
Date of publication, distribution, etc. ২০০৪
300 ## - PHYSICAL DESCRIPTION
Pagination ix, ৩৯৩ পাতা :
Illustrations চিত্র ;
Size ২৯ সেমি.
502 ## - DISSERTATION NOTE
Dissertation note থিসিস (পিএইচ. ডি) -- রাষ্ট্রবিজ্ঞান বিভাগ, রাজশাহী বিশ্ববিদ্যালয়, ২০০৪
504 ## - BIBLIOGRAPHY, ETC. NOTE
Bibliography, etc গ্রন্থপঞ্জী : পাতা [৩৩২] - ৩৫৩
650 ## - SUBJECT ADDED ENTRY--TOPICAL TERM
Topical term or geographic name as entry element রাজনৈতিক দল
Geographic subdivision বাংলাদেশ
Chronological subdivision ১৯৯০-২০০১
9 (RLIN) 242579
Topical term or geographic name as entry element Political parties
Geographic subdivision Bangladesh
Chronological subdivision 1990-2001
9 (RLIN) 242580
Topical term or geographic name as entry element বাংলাদেশ আওয়ামী লীগ
Chronological subdivision ১৯৯০-২০০১
9 (RLIN) 242698
Topical term or geographic name as entry element Bangladesh Awami League
Chronological subdivision 1990-2001
9 (RLIN) 242699
Topical term or geographic name as entry element বাংলাদেশ জাতীয়তাবাদী দল
Chronological subdivision ১৯৯০-২০০১
9 (RLIN) 242700
Topical term or geographic name as entry element Bangladesh Nationalist Party.
Chronological subdivision 1990-2001
9 (RLIN) 242701
651 ## - SUBJECT ADDED ENTRY--GEOGRAPHIC NAME
Geographic name বাংলাদেশ
General subdivision রাজনীতি এবং সরকার।
Chronological subdivision ১৯৯০-২০০১
9 (RLIN) 242696
Geographic name Bangladesh
General subdivision Politics and Government.
Chronological subdivision 1990-2001
9 (RLIN) 242697
700 ## - ADDED ENTRY--PERSONAL NAME
Personal name রহমান, এম. শামসুর, তত্বাবধায়ক
942 ## - ADDED ENTRY ELEMENTS (KOHA)
Source of classification or shelving scheme Dewey Decimal Classification
Koha item type Theses
Holdings
Lost status Source of classification or shelving scheme Damaged status Not for loan Collection code Permanent Location Current Location Shelving location Date acquired Source of acquisition Total Checkouts Full call number Date last seen Copy number Koha item type
  Dewey Decimal Classification   Not For Loan Theses Central Library, University of Rajshahi Central Library, University of Rajshahi Documentation Section 05/03/2005 Controller of Exam., RU   BTHE 324.25492 RAB 2004 15/12/2020 C-1 Theses